| 000 -LEADER |
| fixed length control field |
01918pab a2200193 454500 |
| 008 - FIXED-LENGTH DATA ELEMENTS--GENERAL INFORMATION |
| fixed length control field |
180718b2017 xxu||||| |||| 00| 0 eng d |
| 100 ## - MAIN ENTRY--PERSONAL NAME |
| Personal name |
Patnaik, J.K. |
| 245 ## - TITLE STATEMENT |
| Title |
Autonomous district councils and the Governor's role in the Northeast India |
| 260 ## - PUBLICATION, DISTRIBUTION, ETC. |
| Date of publication, distribution, etc. |
2017 |
| 300 ## - PHYSICAL DESCRIPTION |
| Extent |
p.431-443. |
| 362 ## - DATES OF PUBLICATION AND/OR SEQUENTIAL DESIGNATION |
| Dates of publication and/or sequential designation |
Sep |
| 520 ## - SUMMARY, ETC. |
| Summary, etc. |
The office of governor with respect to the Sixth Schedule states does have many important functions unlike the other states of the country, and for that matter even the Fifth Schedule area states. The governor has been endowed with some discretionary power to maintain balance between the Constitution and the autonomy and identity of the smaller minority hill tribes of the northeast region, especially in the states of Assam, Meghalaya, Mizoram and Tripura. The object of the article is to examine the discretionary power of the governor in the context of the autonomous district councils (ADCs) under the Sixth Schedule areas of northeast India. Specifically, the discretionary powers that are bestowed with this office need serious look as to their operation as well as relevance. The second section of this article briefly describes the historical as well as constitutional origin of the ADCs. The third section deals with the relevant constitutional provisions per se vis-�-vis the discretionary powers of the governor under the Sixth Schedule to the Constitution with some examples, especially relating to Mizoram. The concluding section provides some general remarks regarding the relevance of ADCs in ensuring real autonomy of the hill tribes in the context of the various structural and operational constraints. - Reproduce |
| 650 ## - SUBJECT ADDED ENTRY--TOPICAL TERM |
| Topical term or geographic name entry element |
District administration - India, North east |
| 650 ## - SUBJECT ADDED ENTRY--TOPICAL TERM |
| Topical term or geographic name entry element |
Discretionary power - India, North east |
| 650 ## - SUBJECT ADDED ENTRY--TOPICAL TERM |
| Topical term or geographic name entry element |
Governors - India, North east |
| 650 ## - SUBJECT ADDED ENTRY--TOPICAL TERM |
| Topical term or geographic name entry element |
Governors |
| 773 ## - HOST ITEM ENTRY |
| Main entry heading |
Indian Journal of Public Administration |
| 909 ## - |
| -- |
116207 |